[Event "WTCC-50 2018"]
[Site "Radebeul"]
[Date "2018.07.15"]
[Round "9"]
[White "Hebden, Mark L"]
[Black "Tischbierek, Raj"]
[Result "1/2-1/2"]
[WhiteElo "2423"]
[BlackElo "2436"]
[Annotator "TA"]
[PlyCount "69"]
[EventDate "2018.07.07"]
[EventType "team-tourn"]
[EventCountry "GER"]
[SourceTitle "playchess.com"]
[Source "ChessBase"]
[SourceQuality "1"]

{[%evp 12,69,-9,-16,0,-18,-6,-14,-16,-24,-8,-20,-21,-24,0,-4,0,-39,-25,-54,-50,-75,-53,-43,-12,-5,33,29,40,0,12,20,15,0,0,0,0,-168,-165,-177,-176,-172,-147,-185,-1,-1,-1,-83,-1,-1,0,0,0,-1,0,0,0,-62,0,0]} 1. d4 Nf6 2. Nf3 d5 3. c4 e6 4. e3 Be7 5. a3 b6 6. Nc3 O-O 7. Be2 {LiveBook: 3 Partien. D37: Damengambit (5.Lf4)} (7. b4 dxc4 8. Bxc4 Bb7 9. O-O c5 10. bxc5 bxc5 11. Rb1 Qc8 12. d5 exd5 13. Nxd5 Bxd5 14. Bxd5 Nxd5 15. Qxd5 {½-½ (26) Andreikin,D (2737)-Leko,P (2693) Tallinn 2016}) 7... c5 8. cxd5 exd5 9. Ne5 Bb7 10. O-O Nbd7 11. f4 Rc8 12. Bd2 cxd4 $146 ({Vorgänger:} 12... Bd6 13. Rc1 Bb8 14. Be1 Ne4 15. Nxd7 Qxd7 16. Nxe4 dxe4 17. dxc5 Qxd1 18. Bxd1 {1-0 (41) Bobruyko,V-Gonchar,S (1916) Kiev 2004}) 13. exd4 Ne4 14. Nxe4 dxe4 15. Bb4 {Schwarz sollte Lg4 verhindern.} Nf6 16. Bc4 Bd5 17. b3 Bxb4 18. axb4 b5 19. Bxb5 Qb6 20. Bc4 Rfd8 {[%cal Bf8d8,Bd8d4,Bd4c4][%mdl 32]} 21. Qd2 Bxc4 $1 22. bxc4 {Droht Tfd1 und aus.} Rxd4 23. Qe3 Nd7 $36 {[%mdl 2048] Droht ...Sxe5. Schwarz hat Initiative.} 24. Qh3 $2 (24. c5 $11 Qxb4 25. Rxa7 Nxe5 26. fxe5 Qxc5 27. Raxf7) 24... Rdxc4+ $1 $19 25. Kh1 Nxe5 26. fxe5 Qxb4 27. e6 fxe6 $2 (27... f6 $19 {Droht stark ...De7.} 28. Qh5 Qb7) 28. Qxe6+ $11 Kh8 {Und weiter mit ...T4c6 wäre nett.} 29. h3 (29. Rxa7 $11 Rc1 30. Ra1 Rxf1+ 31. Rxf1) 29... a5 {[#]} (29... R4c6 $17 30. Qe5 R6c7) 30. Rxa5 $1 {[%mdl 512]} Qxa5 {[#]} 31. Qxc4 $1 {[%mdl 512]} Qa8 (31... Rxc4 32. Rf8#) 32. Qd4 Qb7 33. Qd6 {Droht Matt per Tf8+.} h6 34. Qe6 ({Besser ist} 34. Qe5 $11) 34... Rd8 (34... Qa8 $1 $15) 35. Re1 {Precision: Weiß = 40%, Schwarz = 44%.} 1/2-1/2

[Event "WTCC-50 2018"]
[Site "Radebeul"]
[Date "2018.07.15"]
[Round "9"]
[White "Casper, Thomas"]
[Black "Fatalibekova, Elena"]
[Result "1-0"]
[WhiteElo "2354"]
[BlackElo "2195"]
[Annotator "NA"]
[PlyCount "65"]
[EventDate "2018.07.07"]
[EventType "team-tourn"]
[EventCountry "GER"]
[SourceTitle "playchess.com"]
[Source "ChessBase"]
[SourceQuality "1"]
[TimeControl "40/5400+30:1800+30"]

1. e4 {[%emt 0:00:00]} c5 {[%emt 0:00:00]} 2. Nf3 {[%emt 0:00:16]} e6 {[%emt 0:00:00]} 3. d3 {[%emt 0:04:36]} d5 {[%emt 0:00:04]} 4. Nbd2 {[%emt 0:00:10]} Nc6 {[%emt 0:00:19]} 5. g3 {[%emt 0:00:43]} Bd6 {[%emt 0:00:30]} 6. Bg2 {[%emt 0:02:21]} Nge7 {[%emt 0:00:07]} 7. O-O {[%emt 0:00:40]} O-O {[%emt 0:00:10]} 8. Re1 {[%emt 0:03:29]} Qc7 {[%emt 0:02:17]} 9. c3 {[%emt 0:05:18]} b6 {[%emt 0:02:42]} 10. a3 {[%emt 0:14:15]} a5 {[%emt 0:01:10]} 11. a4 {[%emt 0:09:14]} Ba6 {[%emt 0:00:35]} 12. exd5 {[%emt 0:18:12]} exd5 {[%emt 0:00:28]} 13. Nb1 {[%emt 0:01:37]} Rad8 {[%emt 0:05:16]} 14. Na3 {[%emt 0:01:46]} Qd7 {[%emt 0:06:25]} 15. Nb5 {[%emt 0:07:40]} Bxb5 {[%emt 0:00:50]} 16. axb5 {[%emt 0:00:04]} Na7 {[%emt 0:00:28]} 17. c4 {[%emt 0:00:32]} Ng6 {[%emt 0:12:25]} 18. Bd2 {[%emt 0:05:00]} Qf5 {[%emt 0:03:53]} 19. Qe2 {[%emt 0:02:48]} Rd7 {[%emt 0:00:50]} 20. Qf1 {[%emt 0:01:15]} Re7 {[%emt 0:03:20]} 21. Bc3 {[%emt 0:08:49]} d4 {[%emt 0:04:57]} 22. Bd2 {[%emt 0:00:08]} Rfe8 {[%emt 0:00:13]} 23. Rxe7 {[%emt 0:01:32]} Rxe7 {[%emt 0:00:02]} 24. Re1 {[%emt 0:00:45]} h5 {[%emt 0:00:59]} 25. Ng5 {[%emt 0:03:25]} Rxe1 {[%emt 0:11:55]} 26. Qxe1 {[%emt 0:00:12]} Be7 {[%emt 0:01:02]} 27. Be4 {[%emt 0:00:57]} Qd7 {[%emt 0:01:33]} 28. Qd1 {[%emt 0:02:25]} Bxg5 {[%emt 0:03:05]} 29. Bxg5 {[%emt 0:00:03]} Qg4 {[%emt 0:03:33]} 30. Qxg4 {[%emt 0:00:53]} hxg4 {[%emt 0:00:03]} 31. Bf5 {[%emt 0:02:03]} f6 {[%emt 0:00:18]} 32. Bxg6 {[%emt 0:00:14]} fxg5 {[%emt 0:00:04]} 33. Bf5 {[%emt 0:00:09]} 1-0

[Event "WTCC-50 2018"]
[Site "Radebeul"]
[Date "2018.07.15"]
[Round "9"]
[White "Wolf, Volker"]
[Black "Frostick, Clive A"]
[Result "0-1"]
[WhiteElo "2323"]
[BlackElo "2133"]
[Annotator "TA"]
[PlyCount "109"]
[EventDate "2018.07.07"]
[EventType "team-tourn"]
[EventCountry "GER"]
[SourceTitle "playchess.com"]
[Source "ChessBase"]
[SourceQuality "1"]

{[%evp 22,109,20,19,20,22,22,23,40,25,38,33,37,24,34,6,0,0,0,-10,-14,-12,-14,-67,4,1,72,42,37,39,44,27,34,34,35,26,90,90,106,61,76,27,29,30,90,0,58,0,67,0,32,33,175,-21,-18,-18,-8,-8,-8,-172,-156,-291,-287,-254,-304,-309,-297,-316,-309,-295,-295,-264,-60,-53,-39,-468,-460,-423,-396,-318,-81,-427,-352,-815,-815,-1449,-815,-29983,-29984,-29983]} 1. g3 d5 2. Bg2 Nf6 3. d3 c6 4. Nf3 g6 5. b3 Bg7 6. Bb2 O-O 7. O-O Bg4 8. Nbd2 Nbd7 9. c4 Re8 10. h3 Bxf3 {A11: English Opening: 1...c6} 11. Nxf3 (11. Bxf3 e5 12. cxd5 cxd5 13. Bg2 a5 14. Rc1 Nb8 15. Nb1 Bh6 16. Rc5 Qb6 17. Rxd5 Nxd5 18. Bxd5 Nd7 19. Nc3 {½-½ (41) Shimanov,A (2646)-Zherebukh,Y (2621) Saint Louis 2017}) 11... e5 12. Qc2 {LiveBook: 4 Games} Qe7 {The position is equal.} 13. e3 $146 ({Predecessor:} 13. e4 d4 14. Ne1 Nh5 15. Bf3 Ndf6 16. Ng2 Bh6 17. Kh2 c5 18. Rg1 {1-0 (49) Light,B (2248)-Schulenburg,F (2226) Germany 2015}) 13... Rad8 14. Rfd1 h6 15. a3 Qe6 16. Rac1 dxc4 17. dxc4 e4 18. Nd4 Qe7 19. c5 Nd5 20. b4 a6 21. Nb3 f5 22. Bf1 (22. Bd4 $11) 22... Ne5 (22... Bxb2 $15 23. Qxb2 Ne5) 23. Bxe5 $11 Qxe5 (23... Bxe5 $11 24. Bc4 h5) 24. Bc4 Kh7 25. Bxd5 Rxd5 26. Rxd5 Qxd5 27. Rd1 {[%cal Bc1d1,Bd1d2,Bd2d4][%mdl 32]} Qf7 28. Na5 Be5 (28... Re7 $11 {remains equal.}) 29. Nc4 $16 Re7 30. Rd2 Bc7 31. Rd4 Rd7 32. Qd2 Rd5 (32... Rxd4 $11 33. Qxd4 Qg7) 33. Kf1 (33. Rxd5 $16 {Intending Rd7 and mate.} cxd5 34. Nb6) 33... Kg8 (33... f4 $11 34. gxf4 (34. exf4 Bxf4 35. gxf4 Qd7 $11) 34... Qe6) 34. Ke2 (34. Nd6 $14 Bxd6 35. cxd6) 34... g5 (34... Qe6 $11) 35. Kd1 (35. Rxd5 $14 Qxd5 36. Qxd5+ cxd5 37. Nd2 (37. Nd6 Bxd6 38. cxd6 Kf7 $17)) 35... Rxd4 36. Qxd4 Qd5 ({Black should try} 36... Qe6 $14) 37. Ke2 $2 ({Only move:} 37. Qxd5+ $18 cxd5 38. Nb6 (38. Nd6 Bxd6 39. cxd6 Kf7 $17)) 37... Qxd4 $11 38. exd4 {[%mdl 4096] Endgame KB-KN} Kf7 $1 39. g4 Ke6 40. gxf5+ $2 (40. Ne3 $1 $11) 40... Kxf5 $19 41. Ne3+ (41. Nd2 $17) 41... Ke6 42. f3 exf3+ 43. Kxf3 Bf4 44. Nc4 Kd5 45. Na5 Bc1 ({Much less strong is} 45... Kxd4 46. Nxb7 Bc1 47. Nd8 $17) 46. a4 h5 $2 (46... Ba3 $19 47. Nxb7 Bxb4) 47. Nxb7 $15 Ba3 48. b5 $2 {[%mdl 8192]} (48. Ke3 $15) 48... cxb5 $19 49. axb5 axb5 {[%cal Ba6b5,Bb5b4,Bb4b3,Bb3b2][%mdl 32]} 50. Nd6 b4 {[#] And now ...b3 would win.} ({Stronger than} 50... Kxd4 51. Nxb5+ Kxc5 52. Nxa3 $11) 51. Ne4 $2 {[%mdl 8192]} (51. Ke2 $17) 51... b3 52. Ke3 $2 (52. Nc3+ Kc6 53. Ke2) 52... Bb4 {Hoping for ...b2.} 53. c6 Ba5 ({Weaker is} 53... b2 54. c7 $17) 54. Kd3 {[#]} b2 $1 55. Nf6+ {Precision: White = 27%, Black = 38%.} 0-1

[Event "WTCC-50 2018"]
[Site "Radebeul"]
[Date "2018.07.15"]
[Round "9"]
[White "Welling, Gerard"]
[Black "Schweitzer, Andreas"]
[Result "1/2-1/2"]
[WhiteElo "2317"]
[BlackElo "2239"]
[Annotator "NA"]
[PlyCount "32"]
[EventDate "2018.07.07"]
[EventType "team-tourn"]
[EventCountry "GER"]
[SourceTitle "playchess.com"]
[Source "ChessBase"]
[SourceQuality "1"]
[TimeControl "40/5400+30:1800+30"]

1. e4 {[%emt 0:00:00]} c5 {[%emt 0:00:00]} 2. d3 {[%emt 0:00:00]} Nc6 {[%emt 0:00:18]} 3. g3 {[%emt 0:00:03]} d5 {[%emt 0:00:20]} 4. Nd2 {[%emt 0:00:07]} Nf6 {[%emt 0:00:20]} 5. Bg2 {[%emt 0:00:07]} dxe4 {[%emt 0:02:16]} 6. dxe4 {[%emt 0:00:07]} g6 {[%emt 0:05:37]} 7. Ngf3 {[%emt 0:01:36]} Bg7 {[%emt 0:00:56]} 8. O-O {[%emt 0:00:13]} O-O {[%emt 0:00:57]} 9. Re1 {[%emt 0:00:06]} Nd7 {[%emt 0:04:52]} 10. Nf1 {[%emt 0:04:38]} Qc7 {[%emt 0:10:12]} 11. Ne3 {[%emt 0:03:54]} e6 {[%emt 0:01:40]} 12. Nc4 {[%emt 0:02:40]} Nde5 {[%emt 0:08:33]} 13. Nfxe5 {[%emt 0:04:06]} Nxe5 {[%emt 0:03:11]} 14. Nxe5 {[%emt 0:07:08]} Bxe5 {[%emt 0:00:33]} 15. c3 {[%emt 0:00:10]} b5 {[%emt 0:09:49]} 16. Bh6 {[%emt 0:02:50]} Rd8 1/2-1/2

[Event "WTCC-50 2018"]
[Site "Radebeul"]
[Date "2018.07.15"]
[Round "9"]
[White "Wallner, Joachim"]
[Black "Penzold, Andreas"]
[Result "0-1"]
[WhiteElo "2311"]
[BlackElo "2389"]
[Annotator "NA"]
[PlyCount "94"]
[EventDate "2018.07.07"]
[EventType "team-tourn"]
[EventCountry "GER"]
[SourceTitle "playchess.com"]
[Source "ChessBase"]
[SourceQuality "1"]
[TimeControl "40/5400+30:1800+30"]

1. Nf3 {[%emt 0:00:00]} c5 {[%emt 0:00:32]} 2. c4 {[%emt 0:02:18]} g6 {[%emt 0:00:35]} 3. g3 {[%emt 0:00:02]} Bg7 {[%emt 0:00:13]} 4. Bg2 {[%emt 0:00:02]} Nc6 {[%emt 0:00:24]} 5. O-O {[%emt 0:00:14]} e6 {[%emt 0:02:17]} 6. Nc3 {[%emt 0:03:42]} Nge7 {[%emt 0:00:19]} 7. d3 {[%emt 0:00:06]} O-O {[%emt 0:03:33]} 8. Bf4 {[%emt 0:07:00]} d6 {[%emt 0:07:08]} 9. Qc1 {[%emt 0:08:57]} Nf5 {[%emt 0:18:56]} 10. Re1 {[%emt 0:06:25]} Rb8 {[%emt 0:01:59]} 11. Ne4 {[%emt 0:04:04]} e5 {[%emt 0:00:47]} 12. Bg5 {[%emt 0:00:22]} f6 {[%emt 0:00:26]} 13. Bd2 {[%emt 0:00:06]} Nfe7 {[%emt 0:01:55]} 14. Nc3 {[%emt 0:00:34]} Be6 {[%emt 0:02:59]} 15. a3 {[%emt 0:11:39]} b6 {[%emt 0:07:26]} 16. Rb1 {[%emt 0:01:53]} Nd4 {[%emt 0:08:47]} 17. b4 {[%emt 0:01:17]} Qd7 {[%emt 0:00:54]} 18. e3 {[%emt 0:04:13]} Nxf3+ {[%emt 0:00:27]} 19. Bxf3 {[%emt 0:00:02]} Rbc8 {[%emt 0:01:27]} 20. b5 {[%emt 0:07:20]} d5 {[%emt 0:04:48]} 21. cxd5 {[%emt 0:00:24]} Nxd5 {[%emt 0:00:07]} 22. Rd1 {[%emt 0:00:31]} Ne7 {[%emt 0:01:44]} 23. Be1 {[%emt 0:01:50]} f5 {[%emt 0:00:22]} 24. Bg2 {[%emt 0:03:50]} Rfd8 {[%emt 0:10:31]} 25. Ne2 {[%emt 0:02:15]} Qe8 {[%emt 0:00:43]} 26. Bc3 {[%emt 0:01:15]} Nd5 {[%emt 0:03:16]} 27. Ba1 {[%emt 0:01:47]} Rc7 {[%emt 0:00:18]} 28. Qc2 {[%emt 0:02:13]} Re7 {[%emt 0:01:25]} 29. Nc3 {[%emt 0:00:36]} Nxc3 {[%emt 0:00:50]} 30. Bxc3 {[%emt 0:00:08]} Qf7 {[%emt 0:00:17]} 31. Qb2 {[%emt 0:05:36]} Bd5 {[%emt 0:02:39]} 32. e4 {[%emt 0:02:58]} Ba2 {[%emt 0:00:55]} 33. Ra1 {[%emt 0:00:44]} Bb3 {[%emt 0:00:28]} 34. Rdb1 {[%emt 0:01:20]} Be6 {[%emt 0:01:12]} 35. Bf1 {[%emt 0:02:13]} f4 {[%emt 0:00:48]} 36. a4 {[%emt 0:00:19]} fxg3 {[%emt 0:02:32]} 37. fxg3 {[%emt 0:05:30]} h5 {[%emt 0:00:37]} 38. Be2 {[%emt 0:01:56]} Bh3 {[%emt 0:00:25]} 39. Bd2 {[%emt 0:01:45]} Rf8 {[%emt 0:02:33]} 40. Be3 {[%emt 0:00:19]} Bh6 {[%emt 0:00:50]} 41. Qd2 {[%emt 0:30:15]} Qf2+ {[%emt 0:34:40]} 42. Bxf2 {[%emt 0:00:02]} Bxd2 {[%emt 0:00:10]} 43. Ra2 {[%emt 0:00:20]} Ref7 {[%emt 0:06:14]} 44. Rxd2 {[%emt 0:02:57]} Rxf2 {[%emt 0:00:00]} 45. d4 {[%emt 0:00:00]} Kg7 {[%emt 0:00:00]} 46. dxc5 {[%emt 0:00:00]} Rg2+ {[%emt 0:00:00]} 47. Kh1 {[%emt 0:00:00]} Rff2 {[%emt 0:00:00]} 0-1

[Event "WTCC-50 2018"]
[Site "Radebeul"]
[Date "2018.07.15"]
[Round "9"]
[White "Titscher, Libor"]
[Black "Van den Bersselaar, Jeroen"]
[Result "1/2-1/2"]
[WhiteElo "2306"]
[BlackElo "2142"]
[Annotator "NA"]
[PlyCount "25"]
[EventDate "2018.07.07"]
[EventType "team-tourn"]
[EventCountry "GER"]
[SourceTitle "playchess.com"]
[Source "ChessBase"]
[SourceQuality "1"]
[TimeControl "40/5400+30:1800+30"]

1. c4 {[%emt 0:00:00]} e5 {[%emt 0:00:00]} 2. Nc3 {[%emt 0:00:00]} Nf6 {[%emt 0:00:00]} 3. g3 {[%emt 0:00:00]} c6 {[%emt 0:00:20]} 4. Bg2 {[%emt 0:07:15]} d5 {[%emt 0:00:17]} 5. d4 {[%emt 0:19:57]} e4 {[%emt 0:02:32]} 6. Bg5 {[%emt 0:06:02]} Nbd7 {[%emt 0:00:32]} 7. cxd5 {[%emt 0:06:00]} cxd5 {[%emt 0:00:09]} 8. Qa4 {[%emt 0:00:46]} Qb6 {[%emt 0:02:58]} 9. O-O-O {[%emt 0:01:37]} Bb4 {[%emt 0:04:37]} 10. Bxf6 {[%emt 0:03:05]} Bxc3 {[%emt 0:00:13]} 11. bxc3 {[%emt 0:00:12]} Qxf6 {[%emt 0:00:10]} 12. f3 {[%emt 0:06:45]} Qh6+ {[%emt 0:07:13]} 13. Kb1 {[%emt 0:04:39]} 1/2-1/2

[Event "WTCC-50 2018"]
[Site "Radebeul"]
[Date "2018.07.15"]
[Round "9"]
[White "Fritsche, Lutz"]
[Black "Lewis, Andrew P"]
[Result "1/2-1/2"]
[WhiteElo "2303"]
[BlackElo "2298"]
[Annotator "NA"]
[PlyCount "48"]
[EventDate "2018.07.07"]
[EventType "team-tourn"]
[EventCountry "GER"]
[SourceTitle "playchess.com"]
[Source "ChessBase"]
[SourceQuality "1"]
[TimeControl "40/5400+30:1800+30"]

1. e4 {[%emt 0:00:00]} c5 {[%emt 0:00:00]} 2. Nc3 {[%emt 0:00:00]} a6 {[%emt 0:00:47]} 3. Nf3 {[%emt 0:01:09]} e6 {[%emt 0:00:18]} 4. g3 {[%emt 0:00:30]} b5 {[%emt 0:02:02]} 5. Bg2 {[%emt 0:00:17]} Bb7 {[%emt 0:00:17]} 6. O-O {[%emt 0:02:44]} b4 {[%emt 0:10:21]} 7. Na4 {[%emt 0:00:20]} Bxe4 {[%emt 0:00:50]} 8. Re1 {[%emt 0:01:09]} d5 {[%emt 0:10:52]} 9. d3 {[%emt 0:03:16]} Bxf3 {[%emt 0:05:44]} 10. Qxf3 {[%emt 0:00:20]} Be7 {[%emt 0:00:57]} 11. c3 {[%emt 0:04:51]} bxc3 {[%emt 0:04:20]} 12. bxc3 {[%emt 0:00:18]} Nf6 {[%emt 0:05:55]} 13. Be3 {[%emt 0:05:07]} Nbd7 {[%emt 0:04:06]} 14. c4 {[%emt 0:03:13]} O-O {[%emt 0:08:16]} 15. Qe2 {[%emt 0:05:58]} Bd6 {[%emt 0:06:25]} 16. Rec1 {[%emt 0:05:42]} Rc8 {[%emt 0:03:00]} 17. Rab1 {[%emt 0:00:26]} Re8 {[%emt 0:08:27]} 18. Qc2 {[%emt 0:04:53]} h6 {[%emt 0:12:56]} 19. Rb7 {[%emt 0:03:08]} Ne5 {[%emt 0:01:57]} 20. cxd5 {[%emt 0:04:49]} Nxd5 {[%emt 0:00:27]} 21. Bxc5 {[%emt 0:01:17]} Bxc5 {[%emt 0:04:13]} 22. Nxc5 {[%emt 0:01:09]} Rxc5 {[%emt 0:00:36]} 23. Qxc5 {[%emt 0:00:16]} Nxd3 {[%emt 0:00:09]} 24. Qa3 {[%emt 0:03:48]} Nxc1 {[%emt 0:01:02]} 1/2-1/2

[Event "WTCC-50 2018"]
[Site "Radebeul"]
[Date "2018.07.15"]
[Round "9"]
[White "Druckenthaner, Andreas"]
[Black "Wuttke, Hans"]
[Result "1/2-1/2"]
[WhiteElo "2296"]
[BlackElo "2160"]
[Annotator "NA"]
[PlyCount "40"]
[EventDate "2018.07.07"]
[EventType "team-tourn"]
[EventCountry "GER"]
[SourceTitle "playchess.com"]
[Source "ChessBase"]
[SourceQuality "1"]
[TimeControl "40/5400+30:1800+30"]

1. e4 {[%emt 0:00:00]} d6 {[%emt 0:00:08]} 2. d4 {[%emt 0:00:00]} Nf6 {[%emt 0:00:24]} 3. Nd2 {[%emt 0:00:00]} g6 {[%emt 0:00:10]} 4. Ngf3 {[%emt 0:00:00]} Bg7 {[%emt 0:00:18]} 5. Bc4 {[%emt 0:00:12]} O-O {[%emt 0:01:05]} 6. Bb3 {[%emt 0:00:30]} e6 {[%emt 0:06:17]} 7. O-O {[%emt 0:01:50]} b6 {[%emt 0:08:51]} 8. Re1 {[%emt 0:08:59]} Bb7 {[%emt 0:00:47]} 9. c3 {[%emt 0:02:28]} Nbd7 {[%emt 0:01:42]} 10. Bc2 {[%emt 0:02:16]} e5 {[%emt 0:03:27]} 11. dxe5 {[%emt 0:08:48]} Nxe5 {[%emt 0:01:10]} 12. Nxe5 {[%emt 0:03:11]} dxe5 {[%emt 0:00:02]} 13. Qe2 {[%emt 0:02:44]} Nh5 {[%emt 0:06:48]} 14. Nf3 {[%emt 0:06:37]} h6 {[%emt 0:00:59]} 15. Be3 {[%emt 0:05:18]} Qf6 {[%emt 0:00:44]} 16. Rad1 {[%emt 0:06:15]} Rad8 {[%emt 0:00:40]} 17. Rxd8 {[%emt 0:05:06]} Rxd8 {[%emt 0:00:46]} 18. Rd1 {[%emt 0:00:05]} Rd6 {[%emt 0:04:10]} 19. Qc4 {[%emt 0:05:02]} Rxd1+ {[%emt 0:01:46]} 20. Bxd1 {[%emt 0:00:10]} Qc6 {[%emt 0:00:33]} 1/2-1/2

[Event "WTCC-50 2018"]
[Site "Radebeul"]
[Date "2018.07.15"]
[Round "9"]
[White "Weitzer, Steffen"]
[Black "Holst, Conny"]
[Result "1-0"]
[WhiteElo "2288"]
[BlackElo "2103"]
[Annotator "NA"]
[PlyCount "75"]
[EventDate "2018.07.07"]
[EventType "team-tourn"]
[EventCountry "GER"]
[SourceTitle "playchess.com"]
[Source "ChessBase"]
[SourceQuality "1"]
[TimeControl "40/5400+30:1800+30"]

1. d4 {[%emt 0:00:00]} Nf6 {[%emt 0:00:00]} 2. Nf3 {[%emt 0:00:00]} d5 {[%emt 0:00:00]} 3. Bf4 {[%emt 0:00:00]} c5 {[%emt 0:00:33]} 4. e3 {[%emt 0:00:04]} Nc6 {[%emt 0:01:06]} 5. c3 {[%emt 0:02:19]} e6 {[%emt 0:00:38]} 6. Nbd2 {[%emt 0:00:11]} cxd4 {[%emt 0:01:48]} 7. exd4 {[%emt 0:00:19]} Nh5 {[%emt 0:04:07]} 8. Bg5 {[%emt 0:02:03]} f6 {[%emt 0:02:55]} 9. Be3 {[%emt 0:03:08]} Bd6 {[%emt 0:02:39]} 10. Bd3 {[%emt 0:06:21]} Nf4 {[%emt 0:04:28]} 11. Bxf4 {[%emt 0:02:37]} Bxf4 {[%emt 0:00:22]} 12. Qc2 {[%emt 0:00:11]} Kf7 {[%emt 0:05:10]} 13. O-O {[%emt 0:05:47]} Bd7 {[%emt 0:05:23]} 14. g3 {[%emt 0:06:22]} Bd6 {[%emt 0:01:33]} 15. Rae1 {[%emt 0:04:34]} Rc8 {[%emt 0:04:12]} 16. Qb1 {[%emt 0:01:02]} a6 {[%emt 0:18:27]} 17. Nh4 {[%emt 0:06:22]} Ne7 {[%emt 0:02:42]} 18. f4 {[%emt 0:03:58]} g6 {[%emt 0:03:35]} 19. Ndf3 {[%emt 0:03:54]} Kg7 {[%emt 0:02:07]} 20. Qc1 {[%emt 0:05:57]} b5 {[%emt 0:02:43]} 21. g4 {[%emt 0:02:37]} Rf8 {[%emt 0:02:39]} 22. Kh1 {[%emt 0:06:43]} Qc7 {[%emt 0:06:59]} 23. f5 {[%emt 0:09:18]} e5 {[%emt 0:05:06]} 24. Nxe5 {[%emt 0:05:27]} fxe5 {[%emt 0:04:32]} 25. Qg5 {[%emt 0:02:08]} Ng8 {[%emt 0:03:30]} 26. f6+ {[%emt 0:05:46]} Rxf6 {[%emt 0:03:25]} 27. Rxf6 {[%emt 0:03:59]} Nxf6 {[%emt 0:00:56]} 28. dxe5 {[%emt 0:01:05]} Be7 {[%emt 0:03:47]} 29. Nxg6 {[%emt 0:00:35]} h6 {[%emt 0:01:02]} 30. Qh4 {[%emt 0:00:23]} Bd8 {[%emt 0:03:29]} 31. exf6+ {[%emt 0:00:37]} Bxf6 {[%emt 0:00:09]} 32. Re7+ {[%emt 0:00:19]} Bxe7 {[%emt 0:00:04]} 33. Qxe7+ {[%emt 0:00:10]} Kg8 {[%emt 0:00:09]} 34. Qf6 {[%emt 0:05:13]} Re8 {[%emt 0:01:40]} 35. Nf8 {[%emt 0:01:47]} Bf5 {[%emt 0:02:08]} 36. Bxf5 {[%emt 0:00:29]} Rxf8 {[%emt 0:00:12]} 37. Be6+ Rf7 {[%emt 0:01:04]} 38. Bxd5 {[%emt 0:00:43]} 1-0

[Event "WTCC-50 2018"]
[Site "Radebeul"]
[Date "2018.07.15"]
[Round "9"]
[White "Schoene, Ralf"]
[Black "Denk, Adolf"]
[Result "1/2-1/2"]
[WhiteElo "2256"]
[BlackElo "2262"]
[Annotator "TA"]
[PlyCount "138"]
[EventDate "2018.07.07"]
[EventType "team-tourn"]
[EventCountry "GER"]
[SourceTitle "playchess.com"]
[Source "ChessBase"]
[SourceQuality "1"]

{[%evp 13,138,52,43,48,109,115,143,148,147,143,144,104,175,139,212,105,105,94,93,83,92,73,74,77,83,77,70,67,88,93,84,81,103,83,83,77,148,127,138,139,212,204,215,205,203,192,236,241,251,203,251,231,253,0,240,0,244,204,258,215,247,240,246,230,237,210,296,309,291,291,283,292,298,238,252,245,288,297,288,240,242,239,239,231,245,214,308,301,319,327,332,323,286,255,402,219,535,78,295,310,283,318,363,355,333,348,401,332,331,281,254,86,183,107,114,58,297,279,418,375,1495,1453,29978,0,0,0,0]} 1. d4 Nf6 2. c4 b6 3. Nc3 Bb7 4. f3 e6 5. e4 d5 6. cxd5 {A50: Queen's Fianchetto Defence (1 d4 Nf6 2 c4 b6)} exd5 7. e5 Nfd7 {LiveBook: 7 Games} 8. Be3 {White is slightly better.} (8. f4 c5 9. Nf3 Be7 10. Be3 O-O 11. Bd3 Nc6 12. O-O cxd4 13. Nxd4 Nxd4 14. Bxd4 {0-1 (34) Ivanchuk,V (2710)-Mamedyarov,S (2747) Huaian 2016}) 8... c6 $146 (8... c5 $14) ({Predecessor:} 8... c5 9. f4 cxd4 10. Bxd4 Nc6 11. Nf3 Nxd4 12. Nxd4 Bc5 13. Bb5 {1-0 (38) Csiki,E (2181)-Poetsch,H (2481) Schwarzach 2017}) 9. f4 $16 Na6 10. Nf3 Nc7 11. Be2 Be7 12. O-O Nf8 (12... f5 $16 {keeps fighting.}) 13. Kh1 Qd7 (13... g6 $16 {was necessary.} 14. Qc2 Qd7) 14. a3 (14. f5 $1 $18) 14... g6 15. b4 Nfe6 16. f5 gxf5 17. Bd3 f4 18. Bd2 O-O-O 19. Bf5 Kb8 20. Bxf4 Rdg8 21. Bh6 Qd8 22. Qd2 Bf8 23. Rf2 Bxh6 24. Qxh6 Rg7 (24... Qf8 $142 25. Qxf8+ Rxf8) 25. Ne2 Rhg8 26. Ng3 Rg6 (26... Ng5 $16) 27. Bxg6 $18 ({Wrong is} 27. Qxh7 $2 Rxg3 28. Qxf7 Rf8 $19) 27... hxg6 28. Qd2 Rh8 29. Kg1 Qe7 30. h3 Rd8 31. Ne2 Rh8 32. Nf4 Ng7 33. Ne2 {[%cal Bf4e2,Be2g3,Bg3f1,Bf1h2,Bh2g4,Bg4f6][%mdl 32]} Nge6 34. Ng3 Rd8 $1 35. Nf1 Rh8 36. N1h2 Rd8 37. Ng4 Ba6 38. Nf6 Ka8 39. Rc1 Bb7 (39... Bb5 $142 40. g3 Rh8) 40. Ng5 Nxg5 41. Qxg5 Ne6 42. Qd2 Rc8 43. Rcf1 Ba6 44. Re1 Bb7 45. a4 Ba6 46. Ra1 Bc4 47. a5 bxa5 48. bxa5 Rb8 49. Ng4 Ng5 (49... c5 {was called for.} 50. dxc5 Nxc5) 50. Qf4 Ne4 51. Qxf7 Qb4 52. Qxg6 Bb5 53. Rd1 Qb3 (53... Nxf2 {is a better defense.} 54. Nxf2 Ba4) 54. Rc1 (54. Rff1 $142) 54... Qd3 $2 (54... Nxf2 55. Nxf2 Qb2 56. Rxc6 Bxc6 57. Qxc6+ Qb7) 55. Rxc6 $2 (55. Rf7 $18 {and White stays clearly on top.}) 55... Qxd4 $2 {[#]} (55... Nxf2 $16 56. Qxd3 Nxd3) 56. Rcf6 $1 Nxf2 (56... Nxf6 57. exf6) 57. Rxf2 Rf8 {Now ...Rxf2 and Black clings on.} 58. Qd6 Rxf2 59. Nxf2 Qd2 {intending ...Qc1+.} 60. Qf8+ Kb7 {and the idea ...Qe1+ leaves Black hopeful.} 61. Qf5 Qxa5 62. e6 $2 (62. h4 $18) 62... Qe1+ 63. Kh2 {And now h4 would win.} Kc6 64. Qf6 (64. h4 $16) 64... a5 $2 {[#]} (64... Kd6 $1 $14) 65. Ng4 $1 {[%cal Rg4e5]} a4 (65... Qb4 $142 66. Ne5+ Kb7) 66. Ne5+ Kd6 $2 (66... Kc5 67. Qe7+ Kb6) 67. e7+ Kc5 {[#]} 68. Qe6 $2 (68. e8=Q $1 {[%mdl 512] mates} Bxe8 69. Nd3+ Kc4 70. Nxe1 Bb5 71. Nf3 a3 72. Qd4+ Kb3 73. h4) 68... Qe4 $11 69. e8=Q {Threatening mate with Q8e7+.} Qf4+ $1 {Precision: White = 45%, Black = 34%.} 1/2-1/2